Kirby-54 - Statistiques

Statistiques générales
  • Ce quiz a été pris 107 fois
  • Le résultat moyen est 5 sur 10
Statistiques - réponses
Question Réponse % Correct
Où achète-t-il le plus souvent ses jeux ? dans les brocantes
90%
Quel est son vrai prénom ? Jonathan
78%
À quelle technique consacre-t-il une seconde chaîne Youtube ? l'ASMR
72%
De quelle paraphilie ses détracteurs l'accusent-ils souvent ? de zoophilie
58%
Quelle est la série de jeux vidéo et de dessins animés préférée de sa compagne ? Pokémon
46%
De quel ancien disciple, également youtubeur, s'est-il séparé en raison des problèmes cardiaques de celui-ci ? GT Gabi
37%
Dans quelle ville habite-t-il ? Bourgoin-Jallieu
33%
Quel jeu de course de la GameCube est son jeu vidéo préféré ? F-Zero GX
28%
Comment s'appelle son alter ego sous les traits duquel il a participé à "la France a un incroyable talent" ? le Minotaure Gothique
20%
Avec quel vendeur de jeux vidéo d'Issoire est-il en conflit depuis 2015 ? Totoss
14%
Aucun quiz correspondant
Distribution des résultats
% des personnes avec chaque résultat
Percentile par nombre de réponses
Votre historique - résultats
Vous n’avez pas pris ce quiz